Practice of Silviculture : applied forest ecology / (Record no. 49937)

MARC details
000 -LEADER
fixed length control field 00606nam a22002057a 4500
003 - CONTROL NUMBER IDENTIFIER
control field OSt
008 - FIXED-LENGTH DATA ELEMENTS--GENERAL INFORMATION
fixed length control field 260131b |||||||| |||| 00| 0 eng d
020 ## - INTERNATIONAL STANDARD BOOK NUMBER
International Standard Book Number 9781119270959
082 ## - DEWEY DECIMAL CLASSIFICATION NUMBER
Classification number 634.95
Item number A82P
100 ## - MAIN ENTRY--PERSONAL NAME
Personal name Ashton, Mark S.
245 ## - TITLE STATEMENT
Title Practice of Silviculture : applied forest ecology /
Statement of responsibility, etc. by Mark S. Ashton and Matthew J. Kelty
250 ## - EDITION STATEMENT
Edition statement 10th ed.
260 ## - PUBLICATION, DISTRIBUTION, ETC. (IMPRINT)
Place of publication, distribution, etc .- NJ
Name of publisher, distributor, etc : John Wiley
Date of publication, distribution, etc , 2018
300 ## - PHYSICAL DESCRIPTION
Extent xvii,758p.
650 ## - SUBJECT ADDED ENTRY--TOPICAL TERM
Topical term or geographic name as entry element Technology (Applied Sciences)
650 ## - SUBJECT ADDED ENTRY--TOPICAL TERM
Topical term or geographic name as entry element Agriculture and Related Technologies
650 ## - SUBJECT ADDED ENTRY--TOPICAL TERM
Topical term or geographic name as entry element Silviculture
700 ## - ADDED ENTRY--PERSONAL NAME
Personal name Kelty, Matthew J.
942 ## - ADDED ENTRY ELEMENTS (KOHA)
Source of classification or shelving scheme
Koha item type Books
Holdings
Withdrawn status Lost status Source of classification or shelving scheme Damaged status Not for loan Home library Current library Date acquired Source of acquisition Cost, normal purchase price Total Checkouts Full call number Barcode Date last seen Bill Date Koha item type Bill Number
          Dr. Rajendra Prasad Central Agricultural University Pusa, Dr. Rajendra Prasad Central Agricultural University Pusa, 31/01/2026 Scientific Publishers, Jodhpur 9380.00   634.95 A82P 86968 31/01/2026 08/01/2026 Books SPI/25-26/358
Hosted, Implemented, Customized & Maintained by: BestBookBuddies

Powered by Koha